[Event "OLOB 1920 SK Marburg 1931/1972 - SV Gri"]
[Site "?"]
[Date "2020.03.01"]
[Round "9.8"]
[White "Hein, Lennart"]
[Black "Spitzl, Vinzent"]
[Result "0-1"]
[WhiteElo "1867"]
[BlackElo "2344"]
[PlyCount "72"]
[EventDate "2020.??.??"]

{[%evp 0,72,13,13,34,27,33,-2,-13,-40,-8,13,12,-2,-2,-19,18,18,55,37,25,30,28,
-1,8,14,50,7,21,-26,47,24,8,1,1,0,20,-19,-19,-5,-36,-48,-48,-64,-76,-90,-72,
-72,-72,-115,-67,-153,-147,-81,-81,-70,-69,-69,-59,-63,-63,-63,-53,-89,-234,
-232,-92,-292,-110,-294,-356,-427,-446,-29987,-29988]} 1. d4 Nf6 2. Nf3 d5 3.
c4 e6 4. g3 Bb4+ 5. Bd2 Be7 6. Bg2 O-O 7. O-O Nbd7 8. Qc2 Ne4 9. Bf4 c6 10. Nc3
g5 11. Bc1 f5 12. Nd2 Nef6 13. Rb1 a5 14. a3 Qb6 15. e3 Qc7 16. b4 axb4 17.
axb4 b5 18. cxb5 cxb5 19. Qb3 Ba6 20. Bb2 Nb6 21. Rfd1 Nc4 22. Ba1 Ne4 23.
Ncxe4 fxe4 24. Qc3 Bc8 25. Nb3 Bd6 26. Nc5 Qf7 27. Rf1 Ra2 28. Bb2 g4 29. Qb3
Ra7 30. Qc2 h5 31. h4 gxh3 32. Bxh3 Qg6 33. Kh1 Rg7 34. Ra1 h4 35. Rg1 hxg3 36.
Ra8 Qh5 0-1

[Event "OLOB 1920 SK 1980 Gernsheim - SV Empor "]
[Site "?"]
[Date "2020.03.01"]
[Round "9.1"]
[White "Teske, Henrik"]
[Black "Mazurek, Robert"]
[Result "1-0"]
[WhiteElo "2472"]
[BlackElo "2215"]
[PlyCount "49"]
[EventDate "2020.??.??"]

{[%evp 0,49,16,28,38,38,25,11,5,23,13,20,20,18,20,20,35,16,31,33,52,-27,14,22,
14,-5,9,-12,-3,-2,88,87,204,13,18,70,70,57,61,103,538,178,178,271,592,772,
29995,29996,29997,29998,29999,-30000]} 1. e4 e5 2. Nf3 Nc6 3. Bc4 Bc5 4. d3 Nf6
5. Nc3 O-O 6. Bg5 h6 7. Bxf6 Qxf6 8. Nd5 Qd8 9. c3 Re8 10. g4 Na5 11. b4 Nxc4
12. bxc5 Na5 13. g5 c6 14. Ne3 d5 15. gxh6 d4 16. Rg1 dxe3 17. Rxg7+ Kh8 18.
Ng5 Be6 19. Qf3 Rf8 20. fxe3 Qe7 21. Ke2 Rad8 22. Rg1 Nc4 23. Rh7+ Kg8 24.
Nxf7+ Kxh7 25. Rg7# 1-0

[Event "OLOB 1920 SK 1980 Gernsheim - SV Empor "]
[Site "?"]
[Date "2020.03.01"]
[Round "9.2"]
[White "Dietz, Holger"]
[Black "Langheinrich, Ferenc"]
[Result "1/2-1/2"]
[WhiteElo "2287"]
[BlackElo "2364"]
[PlyCount "50"]
[EventDate "2020.??.??"]

{[%evp 0,33,20,11,23,28,53,53,55,57,69,18,36,34,34,14,74,59,75,52,22,27,23,23,
28,22,26,-2,4,1,8,10,-5,-20,-10,-11]} 1. e4 d5 2. exd5 Qxd5 3. Nc3 Qa5 4. Bc4
Nf6 5. h3 a6 6. a3 b5 7. Qf3 c6 8. Ba2 Qc7 9. d3 e6 10. Bf4 Bd6 11. Bxd6 Qxd6
12. Nge2 Nbd7 13. Qg3 Qxg3 14. Nxg3 c5 15. O-O Bb7 16. Rfe1 O-O 17. Nce4 Nxe4
18. Nxe4 Bxe4 19. Rxe4 Nb6 20. Bb3 Rfc8 21. c3 a5 22. Kf1 Kf8 23. Ke2 a4 24.
Ba2 Ke7 25. d4 cxd4 1/2-1/2

[Event "OLOB 1920 SK 1980 Gernsheim - SV Empor "]
[Site "?"]
[Date "2020.03.01"]
[Round "9.3"]
[White "Friedrich, Wiede"]
[Black "Hebbering, Tom Elliot"]
[Result "1-0"]
[WhiteElo "2330"]
[BlackElo "2228"]
[PlyCount "79"]
[EventDate "2020.??.??"]

{[%evp 0,27,23,15,27,-10,25,19,19,25,44,32,27,26,15,22,37,31,27,28,30,30,38,38,
34,31,40,39,45,35]} 1. d4 d5 2. c4 c6 3. cxd5 cxd5 4. Bf4 Nf6 5. Nc3 Nc6 6. e3
Bf5 7. Qb3 Na5 8. Qa4+ Bd7 9. Qc2 e6 10. Nf3 Be7 11. h3 O-O 12. Bd3 Rc8 13. O-O
a6 14. a3 Qb6 15. Qe2 Nc4 16. Rab1 Qa5 17. Ne5 b5 18. Na2 h6 19. Rfd1 Rfd8 20.
Bg3 Be8 21. f3 Qb6 22. Kh1 Bd6 23. f4 Ne4 24. Bh4 f6 25. Bxe4 dxe4 26. Nxc4
Rxc4 27. Qg4 Bb8 28. Bxf6 Rd7 29. Nc3 Kh7 30. Be5 Bxe5 31. fxe5 Bg6 32. Rf1 Qc6
33. Rf8 b4 34. axb4 Rb7 35. b5 axb5 36. Ra1 Rf7 37. Rxf7 Bxf7 38. Ra7 Bg6 39.
Re7 h5 40. Qg5 1-0

[Event "OLOB 1920 SK 1980 Gernsheim - SV Empor "]
[Site "?"]
[Date "2020.03.01"]
[Round "9.4"]
[White "Mueller, Maximilian"]
[Black "Michalowski, Peter"]
[Result "1-0"]
[WhiteElo "2305"]
[BlackElo "2107"]
[PlyCount "95"]
[EventDate "2020.??.??"]

{[%evp 0,49,23,23,55,26,22,5,14,19,29,20,34,38,34,30,30,10,15,29,24,17,36,32,
61,28,30,-13,18,-12,-6,1,-22,-32,4,-19,-5,-14,-2,-5,0,0,15,-2,20,1,22,40,31,27,
27,20]} 1. e4 c5 2. Ne2 Nc6 3. c4 g6 4. d4 cxd4 5. Nxd4 Bg7 6. Be3 Nf6 7. Nc3
d6 8. Be2 O-O 9. O-O Bd7 10. Nc2 a5 11. Rc1 Be6 12. f3 Nd7 13. Na4 Nb4 14. Nxb4
axb4 15. b3 Nc5 16. Nxc5 Qb6 17. Rc2 dxc5 18. f4 Rad8 19. Qe1 Bd4 20. Qf2 Bxe3
21. Qxe3 f5 22. Bf3 Rd4 23. Re2 fxe4 24. Bxe4 Bg4 25. Ree1 e6 26. h3 Bf5 27.
Bf3 Bd3 28. Rf2 Qd6 29. Qxe6+ Qxe6 30. Rxe6 Rdxf4 31. Re3 Bb1 32. Re1 Bd3 33.
Rd2 Rd4 34. Bxb7 Kg7 35. Red1 Bf5 36. Rxd4 cxd4 37. Rxd4 Rf7 38. Bd5 Ra7 39. g4
Bb1 40. c5 Bxa2 41. c6 Kf6 42. Rxb4 Rc7 43. Rb7 Rc8 44. Bf3 h5 45. b4 hxg4 46.
hxg4 Ke5 47. Re7+ Kd6 48. Rd7+ 1-0

[Event "OLOB 1920 SK 1980 Gernsheim - SV Empor "]
[Site "?"]
[Date "2020.03.01"]
[Round "9.5"]
[White "Reucker, Friedrich"]
[Black "Schupp, Uwe"]
[Result "0-1"]
[WhiteElo "2046"]
[BlackElo "2096"]
[PlyCount "94"]
[EventDate "2020.??.??"]

{[%evp 0,33,23,24,76,46,74,36,50,37,38,22,32,1,15,27,38,36,38,38,38,27,48,-4,3,
-93,-93,-93,-135,-165,-118,-126,-116,-127,-123,-116]} 1. d4 d6 2. Nf3 Nf6 3. c4
Nbd7 4. Nc3 e5 5. e4 Be7 6. Be2 O-O 7. O-O c6 8. Rb1 a6 9. b4 b5 10. Qc2 Qc7
11. cxb5 cxb5 12. d5 Nxe4 13. Qxe4 Qxc3 14. Bb2 f5 15. Qxf5 Rxf5 16. Bxc3 Bb7
17. Rbd1 Nb6 18. Bd3 Rff8 19. Be4 Rac8 20. Bb2 Na4 21. Ba1 Rc4 22. Nd2 Rc7 23.
Nb3 Bg5 24. Na5 Bc8 25. Nc6 Bf5 26. Bxf5 Rxf5 27. g3 Rf8 28. h4 Bh6 29. Rd3 Nb6
30. Na5 Rc2 31. a3 e4 32. Rc3 Rxc3 33. Bxc3 Nxd5 34. Bd4 Kf7 35. Rd1 Ke6 36.
Re1 Kf5 37. Nb7 Ke6 38. Rxe4+ Kd7 39. f4 Rc8 40. Re2 Rc4 41. Rd2 Nxf4 42. gxf4
Bxf4 43. Rg2 Rxd4 44. Rxg7+ Kc6 45. Nd8+ Kd5 46. Ra7 Be3+ 47. Kf1 Rf4+ 0-1

[Event "OLOB 1920 SK 1980 Gernsheim - SV Empor "]
[Site "?"]
[Date "2020.03.01"]
[Round "9.6"]
[White "Peterson, Emery"]
[Black "Heinke, Jasper"]
[Result "1-0"]
[WhiteElo "2169"]
[BlackElo "2039"]
[PlyCount "105"]
[EventDate "2020.??.??"]

{[%evp 0,34,24,24,16,4,4,-11,17,17,16,12,37,23,8,15,32,6,14,25,29,-9,5,20,41,
16,9,19,71,69,93,139,143,153,151,86,84]} 1. d4 Nf6 2. c4 e6 3. Nc3 Bb4 4. e3 b6
5. Nf3 Ne4 6. Qc2 Bb7 7. Be2 f5 8. O-O Bxc3 9. bxc3 O-O 10. Ne1 Nc6 11. Nd3 Na5
12. f3 Nd6 13. Ne5 Ba6 14. Qa4 c6 15. Ba3 b5 16. Qb4 Nab7 17. c5 Nf7 18. Rfd1
Qc7 19. f4 Rfd8 20. Bb2 d6 21. Nd3 Rab8 22. Qa3 Na5 23. Rac1 dxc5 24. dxc5 Bc8
25. Nb4 e5 26. c4 bxc4 27. Qc3 Rb5 28. fxe5 Be6 29. a4 Rb7 30. Rxd8+ Qxd8 31.
Rc2 Ng5 32. Rd2 Rd7 33. Rxd7 Qxd7 34. Nc2 Nb3 35. Bxc4 Nxc5 36. Nd4 Bd5 37. Ba3
Nxa4 38. Qb4 c5 39. Bxd5+ Qxd5 40. Qxa4 Qxe5 41. Qb3+ Kh8 42. Bxc5 h5 43. Bxa7
f4 44. Qb8+ Qxb8 45. Bxb8 fxe3 46. Bf4 Nf7 47. Bxe3 Kh7 48. Ne6 g6 49. Ng5+ Kg7
50. Nxf7 Kxf7 51. Kf2 Ke6 52. Kg3 Kf5 53. Kh4 1-0

[Event "OLOB 1920 SK 1980 Gernsheim - SV Empor "]
[Site "?"]
[Date "2020.03.01"]
[Round "9.7"]
[White "Nicolai, Tim"]
[Black "Neumann, Martin"]
[Result "0-1"]
[WhiteElo "1945"]
[BlackElo "2093"]
[PlyCount "74"]
[EventDate "2020.??.??"]

{[%evp 0,30,24,23,23,20,20,-33,29,5,22,40,7,25,-17,-65,-74,-88,-107,-95,-86,
-86,-51,-59,0,22,-20,-16,7,-27,15,15,15]} 1. e4 e5 2. Nc3 Nc6 3. f4 d6 4. Nf3
exf4 5. d4 g5 6. g3 g4 7. Nh4 f3 8. Be3 Be7 9. Qd2 Bxh4 10. gxh4 Qxh4+ 11. Bf2
Qh6 12. Qxh6 Nxh6 13. Nd5 O-O 14. O-O-O f5 15. Nxc7 Rb8 16. d5 Ne5 17. Bxa7 Bd7
18. Bxb8 Rxb8 19. exf5 Nxf5 20. Bb5 Bxb5 21. Nxb5 Kf7 22. Rhe1 Kf6 23. Re4 h5
24. c4 Rc8 25. b3 h4 26. Rf4 Rf8 27. Nxd6 Kg5 28. Rxf5+ Rxf5 29. Nxf5 Kxf5 30.
Kd2 Kf4 31. Ke1 g3 32. Rd4+ Ke3 33. Rxh4 g2 34. Re4+ Kxe4 35. Kf2 Nd3+ 36. Kg1
Nf4 37. d6 Nh3# 0-1

[Event "OLOB 1920 SK 1980 Gernsheim - SV Empor "]
[Site "?"]
[Date "2020.03.01"]
[Round "9.8"]
[White "Rosenberger, Frank"]
[Black "Bergmann, Harald"]
[Result "1-0"]
[WhiteElo "2020"]
[BlackElo "1767"]
[PlyCount "47"]
[EventDate "2020.??.??"]

{[%evp 0,47,24,23,23,23,22,23,22,-31,1,5,90,83,63,77,74,74,112,39,39,14,52,66,
59,59,76,68,86,13,51,47,66,34,49,40,57,64,55,57,73,59,58,50,265,56,315,309,
29997,29998]} 1. e4 e5 2. Nf3 Nf6 3. d4 Nxe4 4. Bd3 d5 5. Nxe5 Nf6 6. O-O Be7
7. Bf4 O-O 8. Nd2 Nbd7 9. Nxd7 Bxd7 10. h3 c6 11. Re1 Be6 12. Qf3 Qd7 13. Be5
Rae8 14. Nf1 Qd8 15. Ng3 g6 16. Bf4 Kh8 17. Re2 Bc8 18. Rae1 Be6 19. c3 Kg7 20.
Be5 Kg8 21. Qf4 Nd7 22. Qh6 Nxe5 23. Rxe5 Kh8 24. Rh5 1-0

[Event "OLOB 1920 FB Mörlenbach-Birkenau - SG "]
[Site "?"]
[Date "2020.03.01"]
[Round "9.1"]
[White "Kuznecovs, Nikita"]
[Black "Kunin, Vitaly"]
[Result "0-1"]
[WhiteElo "2292"]
[BlackElo "2560"]
[PlyCount "54"]
[EventDate "2020.??.??"]

{[%evp 0,44,24,24,25,15,24,15,22,22,55,19,15,3,58,21,27,24,28,43,33,36,39,41,
49,-76,-49,-106,-118,-249,-252,-249,-216,-238,-180,-336,-360,-329,-329,-370,
-318,-349,-297,-299,-286,-318,-291]} 1. d4 d5 2. Nf3 Nf6 3. e3 Bg4 4. h3 Bh5 5.
g4 Bg6 6. Ne5 Nfd7 7. Nxg6 hxg6 8. Bg2 e6 9. c4 c6 10. Nd2 Na6 11. O-O f5 12.
e4 dxe4 13. f3 e3 14. Re1 exd2 15. Bxd2 Nc7 16. Bf4 Be7 17. d5 cxd5 18. Bxc7
Qxc7 19. Rxe6 Nf8 20. Re2 O-O-O 21. cxd5 Kb8 22. Rc1 Qb6+ 23. Kh1 Bd6 24. Rc3
Nd7 25. Re6 Nc5 26. Rxg6 Qxb2 27. Rc4 Rxh3+ 0-1

[Event "OLOB 1920 FB Mörlenbach-Birkenau - SG "]
[Site "?"]
[Date "2020.03.01"]
[Round "9.2"]
[White "Galdunts, Sergey"]
[Black "Siebarth, Raiko"]
[Result "1/2-1/2"]
[WhiteElo "2414"]
[BlackElo "2332"]
[PlyCount "38"]
[EventDate "2020.??.??"]

{[%evp 0,38,24,23,39,39,77,66,70,53,38,21,73,73,86,53,62,45,30,24,17,15,60,9,
16,-4,-7,0,29,-30,-12,-30,-28,-61,-59,-92,-76,-91,-91,-91,35]} 1. e4 c5 2. Nf3
d6 3. d4 cxd4 4. Nxd4 Nf6 5. Nc3 a6 6. Bc4 e6 7. a4 Qc7 8. Ba2 Nc6 9. O-O Bd7
10. Be3 Ne5 11. Qe2 Rc8 12. Rad1 Be7 13. f4 Nc4 14. Bc1 e5 15. fxe5 dxe5 16.
Nf5 Bxf5 17. exf5 Nxb2 18. Nd5 Nxd5 19. Rxd5 O-O 1/2-1/2

[Event "OLOB 1920 FB Mörlenbach-Birkenau - SG "]
[Site "?"]
[Date "2020.03.01"]
[Round "9.3"]
[White "Schneider, Christian"]
[Black "Legde, Georg"]
[Result "1-0"]
[WhiteElo "2216"]
[BlackElo "2333"]
[PlyCount "75"]
[EventDate "2020.??.??"]

{[%evp 0,49,19,31,64,70,71,42,38,-18,89,10,21,7,19,25,37,19,13,8,2,19,23,8,-1,
-10,-10,-22,-16,-19,-19,-49,-30,-41,-48,-42,-39,-43,-55,-70,-13,-34,-23,-31,
-35,-54,25,26,29,33,80,60]} 1. e4 c5 2. Nc3 e6 3. f4 d5 4. Nf3 a6 5. d3 Nc6 6.
g3 Nf6 7. e5 Nd7 8. Bg2 Be7 9. O-O O-O 10. a4 Rb8 11. h3 b5 12. axb5 axb5 13.
g4 b4 14. Ne2 Bb7 15. Ng3 Qc7 16. Qe2 Ra8 17. Be3 b3 18. c3 Ra2 19. Rab1 Nb6
20. Qd1 Na5 21. Rf2 d4 22. cxd4 c4 23. Bd2 Nd5 24. Rc1 c3 25. Bxc3 Nxc3 26.
Rxc3 Qb6 27. Ne4 Rd8 28. f5 Bb4 29. Rc1 Bf8 30. fxe6 fxe6 31. Nc5 Ba8 32. Ng5
Bxg2 33. Kxg2 Qc6+ 34. Nce4 Qd7 35. Qf3 Ra4 36. Rcf1 Bb4 37. Nd6 Qe7 38. Nxe6
1-0

[Event "OLOB 1920 FB Mörlenbach-Birkenau - SG "]
[Site "?"]
[Date "2020.03.01"]
[Round "9.4"]
[White "Dittmar, Peter"]
[Black "Siebarth, Marco"]
[Result "1-0"]
[WhiteElo "2240"]
[BlackElo "2018"]
[PlyCount "95"]
[EventDate "2020.??.??"]

{[%evp 0,28,31,17,23,-20,36,26,18,26,39,40,39,43,32,53,47,38,24,21,21,9,9,9,19,
6,8,9,9,5,12]} 1. d4 d5 2. c4 c6 3. e3 Nf6 4. Nf3 e6 5. Nbd2 Be7 6. Bd3 Nbd7 7.
O-O O-O 8. b3 b6 9. Bb2 Bb7 10. Qe2 c5 11. cxd5 Nxd5 12. Rac1 cxd4 13. Nxd4 Nc5
14. Bb1 Bf6 15. Rfd1 Rc8 16. Nc4 Qe7 17. Qg4 g6 18. e4 Nb4 19. e5 Bg7 20. Nd6
Rb8 21. Nxb7 Rxb7 22. a3 Nd5 23. b4 Na6 24. Ba2 Nb8 25. Bxd5 exd5 26. Nf3 Rd7
27. h4 Qe6 28. Qxe6 fxe6 29. Ng5 Re7 30. g3 Bh6 31. f4 Bxg5 32. hxg5 Na6 33.
Rc6 Rd8 34. Bd4 Rdd7 35. Rdc1 Rc7 36. b5 Rxc6 37. Rxc6 Nc7 38. a4 Kf7 39. Bc3
Rd7 40. Kf2 Ne8 41. Ke3 Rb7 42. Bb4 Nc7 43. Bd6 Ne8 44. Kd4 Rd7 45. Rc8 Rb7 46.
Ra8 Nc7 47. Rf8+ Kg7 48. Rd8 1-0

[Event "OLOB 1920 FB Mörlenbach-Birkenau - SG "]
[Site "?"]
[Date "2020.03.01"]
[Round "9.5"]
[White "Mehlhorn, Uwe"]
[Black "Felgendreher, Heiko"]
[Result "0-1"]
[WhiteElo "2073"]
[BlackElo "2186"]
[PlyCount "76"]
[EventDate "2020.??.??"]

{[%evp 0,28,31,23,33,-9,15,14,12,2,-1,0,2,-11,-7,-37,0,18,11,-42,53,7,-10,-15,
6,-31,-22,-6,-27,-47,-34]} 1. Nf3 Nf6 2. g3 g6 3. Bg2 d5 4. d3 Bg7 5. O-O c5 6.
Nbd2 Nc6 7. e4 b6 8. Re1 O-O 9. Rb1 Qc7 10. exd5 Nxd5 11. Nf1 Rd8 12. Bd2 h6
13. Ne3 Be6 14. a3 Rac8 15. Qc1 Kh7 16. h3 Nxe3 17. Bxe3 Ba2 18. Ra1 Bd5 19.
Re2 Qb7 20. Ne1 Bxg2 21. Nxg2 c4 22. dxc4 Ne5 23. Ne1 Nxc4 24. c3 e5 25. Qc2
Qd7 26. Kh2 f5 27. b3 Na5 28. Rd2 Qf7 29. Rxd8 Rxd8 30. Rb1 f4 31. gxf4 exf4
32. Bd2 f3 33. c4 Nc6 34. Be3 Re8 35. Nd3 Qf5 36. Rc1 Bd4 37. Qd2 Bxe3 38. fxe3
Rd8 0-1

[Event "OLOB 1920 FB Mörlenbach-Birkenau - SG "]
[Site "?"]
[Date "2020.03.01"]
[Round "9.6"]
[White "Boehmer, Christian"]
[Black "Neubauer, Andreas"]
[Result "1-0"]
[WhiteElo "2163"]
[BlackElo "2151"]
[PlyCount "43"]
[EventDate "2020.??.??"]

{[%evp 0,43,31,26,37,13,20,10,27,19,29,23,29,26,27,25,28,-4,4,-5,14,-8,39,-4,
18,-37,-34,-63,-27,-338,-338,-343,-357,-520,-54,-86,-86,-109,267,29988,29989,
29990,29991,29992,29993,29994]} 1. d4 e6 2. Nf3 d5 3. Bf4 Nf6 4. Nbd2 Be7 5. h3
O-O 6. e3 b6 7. Bd3 Bb7 8. Ne5 c5 9. c3 Qc8 10. g4 Ba6 11. g5 Nfd7 12. Bc2 Nxe5
13. Bxe5 Nd7 14. Bxh7+ Kxh7 15. Qh5+ Kg8 16. Bxg7 Kxg7 17. Qh6+ Kg8 18. g6 fxg6
19. Qxg6+ Kh8 20. Qh6+ Kg8 21. Rg1+ Bg5 22. Qg6+ 1-0

[Event "OLOB 1920 FB Mörlenbach-Birkenau - SG "]
[Site "?"]
[Date "2020.03.01"]
[Round "9.7"]
[White "Dittrich, Tom"]
[Black "Schaefer, Michael"]
[Result "1-0"]
[WhiteElo "1959"]
[BlackElo "2158"]
[PlyCount "49"]
[EventDate "2020.??.??"]

{[%evp 0,32,28,34,66,46,37,41,47,44,44,26,83,36,69,40,70,52,44,43,46,15,63,59,
51,50,106,71,56,54,82,48,51,50,36]} 1. e4 c5 2. Nf3 e6 3. d4 cxd4 4. Nxd4 Nf6
5. Nc3 d6 6. g4 h6 7. Be3 Be7 8. Be2 Nc6 9. h3 Bd7 10. f4 Nxd4 11. Qxd4 Bc6 12.
O-O-O a6 13. Rhf1 Nd7 14. Kb1 Qc7 15. f5 Ne5 16. fxe6 fxe6 17. Na4 b5 18. Nb6
Rb8 19. a4 Rf8 20. a5 Qb7 21. Bf4 Qc7 22. g5 Bxg5 23. Bxe5 dxe5 24. Bh5+ Rf7
25. Rxf7 1-0

[Event "OLOB 1920 FB Mörlenbach-Birkenau - SG "]
[Site "?"]
[Date "2020.03.01"]
[Round "9.8"]
[White "Wohlfart, Paulus"]
[Black "Schroeter, Maik"]
[Result "1-0"]
[WhiteElo "2083"]
[BlackElo "1960"]
[PlyCount "65"]
[EventDate "2020.??.??"]

{[%evp 0,20,28,26,20,-15,-14,-7,4,-18,-2,-3,4,-25,-13,-11,-10,-22,-30,-25,-25,
-16,-13]} 1. d4 Nf6 2. c4 e6 3. Nc3 Bb4 4. Qc2 O-O 5. a3 Bxc3+ 6. Qxc3 d6 7.
Bg5 Nbd7 8. Nf3 b6 9. e3 Bb7 10. Be2 h6 11. Bh4 Qe8 12. O-O Ne4 13. Qc2 f5 14.
Nd2 g5 15. Bg3 e5 16. dxe5 dxe5 17. Rfd1 Nxd2 18. Qxd2 Nc5 19. f3 Nb3 20. Qc3
Nxa1 21. Rxa1 f4 22. Bf2 e4 23. c5 Bd5 24. Rd1 c6 25. fxe4 Qxe4 26. Bf3 Qe6 27.
e4 Ba2 28. Rd6 Qf7 29. cxb6 axb6 30. Qxc6 Rad8 31. Rg6+ Kh7 32. Rxh6+ Kg7 33.
Bh5 1-0

[Event "OLOB 1920 SF Schöneck - SK 1980 Gernshe"]
[Site "?"]
[Date "2021.07.17"]
[Round "10.1"]
[White "Mazurek, Robert"]
[Black "Marchio, Enrico"]
[Result "1/2-1/2"]
[WhiteElo "2219"]
[BlackElo "2305"]
[PlyCount "104"]
[EventDate "2021.??.??"]

1. d4 d5 2. c4 e5 3. dxe5 d4 4. a3 Nc6 5. Nf3 Be6 6. e3 dxe3 7. Qxd8+ Rxd8 8.
Bxe3 Nge7 9. Nc3 Nf5 10. Bg5 Be7 11. Bxe7 Kxe7 12. Be2 Nfd4 13. Nxd4 Rxd4 14.
O-O Nxe5 15. b3 g5 16. Rad1 Rxd1 17. Rxd1 Rd8 18. Nb5 Rxd1+ 19. Bxd1 c6 20. Nd4
c5 21. Nxe6 Kxe6 22. Kf1 f5 23. Ke2 Nc6 24. Kd3 b6 25. Kc3 a5 26. Bf3 Nd4 27.
Bd1 Ke5 28. Kd3 f4 29. g3 f3 30. Ke3 g4 31. a4 h5 32. Kd2 Kf5 33. Bc2+ Kg5 34.
Bd1 h4 35. Bc2 hxg3 36. hxg3 Kf6 37. Bd1 Ke5 38. Ke3 Nf5+ 39. Kd3 Nd4 40. Ke3
Kf5 41. Kd3 Nc6 42. Bc2 Nb4+ 43. Kc3+ Ke5 44. Bb1 Nc6 45. Kd3 Nd4 46. Bc2 Nf5
47. Bd1 Nd6 48. Ke3 Ne4 49. Bc2 Nc3 50. Kd3 Ne2 51. Ke3 Nc3 52. Kd3 Ne4 1/2-1/2

[Event "OLOB 1920 SF Schöneck - SK 1980 Gernshe"]
[Site "?"]
[Date "2021.07.17"]
[Round "10.2"]
[White "Nazarenus, Moritz"]
[Black "Dietz, Holger"]
[Result "1/2-1/2"]
[WhiteElo "2207"]
[BlackElo "2290"]
[PlyCount "92"]
[EventDate "2021.??.??"]

1. d4 d5 2. c4 c6 3. Nf3 Nf6 4. Nc3 a6 5. e3 Bf5 6. Nh4 Bg4 7. Qb3 b5 8. cxd5
cxd5 9. h3 Bc8 10. Bd3 Nc6 11. O-O e6 12. Nf3 Be7 13. Bd2 O-O 14. Rac1 Bb7 15.
a3 Na5 16. Qa2 Nc4 17. Rfd1 Qb6 18. Be1 Rfc8 19. Nb1 a5 20. b3 Nd6 21. Ne5 b4
22. a4 Ba6 23. f3 Bxd3 24. Nxd3 Nd7 25. Bf2 h5 26. Qe2 h4 27. e4 dxe4 28. fxe4
Qb7 29. d5 exd5 30. exd5 Nf5 31. Rxc8+ Rxc8 32. Qf3 g6 33. Nb2 Rc2 34. Rd2 Rc1+
35. Rd1 Rc2 36. Rd2 Rc1+ 37. Rd1 Rxd1+ 38. Qxd1 Bc5 39. Bxc5 Nxc5 40. Nc4 Ne4
41. Qd3 Qa7+ 42. Kh2 Qc7+ 43. Kg1 Qc5+ 44. Kh2 Qc7+ 45. Kg1 Qf4 46. Qf1 Qc7
1/2-1/2

[Event "OLOB 1920 SF Schöneck - SK 1980 Gernshe"]
[Site "?"]
[Date "2021.07.17"]
[Round "10.3"]
[White "Mueller, Maximilian"]
[Black "Meyer, Kai-Christian"]
[Result "1-0"]
[WhiteElo "2303"]
[BlackElo "2243"]
[PlyCount "57"]
[EventDate "2021.??.??"]

1. e4 c6 2. d4 d5 3. exd5 cxd5 4. Bd3 Nf6 5. h3 Nc6 6. c3 g6 7. Bg5 Bg7 8. Nd2
Bf5 9. Bxf5 gxf5 10. Qf3 Qd7 11. Ne2 Ne4 12. Bf4 Qe6 13. Nb3 O-O 14. Be3 b5 15.
Nf4 Qd6 16. Nh5 Qe6 17. Nxg7 Kxg7 18. g4 fxg4 19. hxg4 Kh8 20. Rh6 Ng5 21. Qh1
f6 22. O-O-O Qg8 23. Qh2 Nd8 24. Rh1 Rf7 25. f4 Ne4 26. g5 fxg5 27. fxg5 Rg7
28. Qe5 e6 29. g6 1-0

[Event "OLOB 1920 SF Schöneck - SK 1980 Gernshe"]
[Site "?"]
[Date "2021.07.17"]
[Round "10.4"]
[White "Kirchner, Markus"]
[Black "Di Capua, Francesco Stefano"]
[Result "1/2-1/2"]
[WhiteElo "1996"]
[BlackElo "1956"]
[PlyCount "92"]
[EventDate "2021.??.??"]

1. e4 e5 2. Nf3 Nc6 3. Bc4 Bc5 4. c3 Nf6 5. d4 exd4 6. e5 d5 7. Bb5 Ne4 8. cxd4
Bb4+ 9. Bd2 Nxd2 10. Nbxd2 Bd7 11. Bxc6 Bxc6 12. O-O O-O 13. a3 Be7 14. Re1 Bd7
15. Rc1 b6 16. Nf1 c6 17. Qd3 Qc8 18. Ne3 Be6 19. Red1 Qd7 20. Ne1 f6 21. Qc3
c5 22. Nf3 Rae8 23. Qd2 fxe5 24. dxc5 Bxc5 25. Nxe5 Qd6 26. Nd3 d4 27. Nc4 Bxc4
28. Rxc4 Qe6 29. Rcc1 Bd6 30. Re1 Qf5 31. Rxe8 Rxe8 32. Re1 Rxe1+ 33. Qxe1 Kf7
34. Qe2 g6 35. g3 h5 36. h4 a5 37. Kg2 Qd5+ 38. f3 Qc6 39. Qf2 Qc7 40. f4 Qc6+
41. Kh2 Qe4 42. Qd2 Ke6 43. Qc2 Ke7 44. Qd2 Ke6 45. Qc2 Ke7 46. Qd2 Ke6 1/2-1/2

[Event "OLOB 1920 SF Schöneck - SK 1980 Gernshe"]
[Site "?"]
[Date "2021.07.17"]
[Round "10.5"]
[White "Schupp, Uwe"]
[Black "Meyer-Cording, Claus"]
[Result "1-0"]
[WhiteElo "2114"]
[BlackElo "2069"]
[PlyCount "159"]
[EventDate "2021.??.??"]

1. Nf3 d5 2. g3 Nf6 3. Bg2 c6 4. c4 Bf5 5. b3 e6 6. Bb2 Be7 7. d3 h6 8. Nbd2
O-O 9. O-O Nbd7 10. a3 Re8 11. b4 Bf8 12. Nh4 Bh7 13. Qb3 Rb8 14. Rfe1 b5 15.
c5 a5 16. e4 a4 17. Qa2 dxe4 18. dxe4 e5 19. Rad1 Qc7 20. Nf5 g6 21. Nh4 Red8
22. Qa1 Ne8 23. Ndf3 f6 24. Qa2+ Kg7 25. Qe6 Bg8 26. Qg4 Bf7 27. Nxg6 h5 28.
Qxh5 Bxg6 29. Qg4 Kf7 30. Nh4 Bh7 31. Bh3 Nxc5 32. bxc5 Qe7 33. Qh5+ Kg8 34.
Bf5 Bxf5 35. Nxf5 Qh7 36. Qg4+ Kf7 37. Nh4 Bxc5 38. Rc1 Bxa3 39. Bxa3 b4 40.
Bxb4 Rxb4 41. Rxc6 Kf8 42. Rec1 Qb7 43. Ng6+ Kf7 44. Qh5 Kg7 45. Nxe5 Rb1 46.
Qg6+ Kf8 47. Qh6+ Kg8 48. Ng4 Rd1+ 49. Kg2 Rbxc1 50. Rxc1 Rxc1 51. Qxc1 Qxe4+
52. f3 Qb4 53. Qe3 Kf8 54. Qh6+ Ke7 55. Ne3 Kd8 56. Nd5 Qd6 57. Nc3 a3 58. Qc1
Qb4 59. h4 Qc5 60. h5 Ke7 61. h6 Kf7 62. Qc2 f5 63. Qb3+ Kg6 64. Qg8+ Kxh6 65.
Qh8+ Kg6 66. Qxe8+ Kf6 67. Qd8+ Kg6 68. Qd2 Qb4 69. Na2 Qb3 70. Qd6+ Kf7 71.
Qd7+ Kf6 72. Qd4+ Kf7 73. Qa7+ Kf6 74. Qa6+ Kf7 75. Qe2 Kf6 76. Qd2 Kg6 77. Nc3
Kf6 78. Kh3 Kg6 79. Kh4 Kf6 80. Qg5+ 1-0

[Event "OLOB 1920 SF Schöneck - SK 1980 Gernshe"]
[Site "?"]
[Date "2021.07.17"]
[Round "10.6"]
[White "Weiss, Matthias"]
[Black "Mao, Kevin"]
[Result "0-1"]
[WhiteElo "2033"]
[BlackElo "2040"]
[PlyCount "44"]
[EventDate "2021.??.??"]

1. e4 e5 2. Nf3 Nc6 3. Nc3 Nf6 4. d4 Bb4 5. Nxe5 Qe7 6. Bc4 Nxe5 7. dxe5 Qxe5
8. O-O Bxc3 9. bxc3 Qxc3 10. e5 Qxa1 11. exf6 Qxf6 12. Re1+ Kd8 13. Qe2 c6 14.
Ba3 Kc7 15. Be7 Qf5 16. Bxf7 b5 17. Qd2 Qxf7 18. Qa5+ Kb7 19. Bd6 Re8 20. Rb1
Qd5 21. Bg3 d6 22. a4 a6 0-1

[Event "OLOB 1920 SF Schöneck - SK 1980 Gernshe"]
[Site "?"]
[Date "2021.07.17"]
[Round "10.7"]
[White "Rosenberger, Frank"]
[Black "Raetsch, Kurt"]
[Result "1-0"]
[WhiteElo "2020"]
[BlackElo "1971"]
[PlyCount "43"]
[EventDate "2021.??.??"]

1. e4 c5 2. Nf3 Nc6 3. d4 cxd4 4. Nxd4 Nf6 5. Nc3 e6 6. Nxc6 bxc6 7. e5 Ng8 8.
Bd3 Bb4 9. Qg4 Bxc3+ 10. bxc3 Ne7 11. O-O Qa5 12. Qd4 O-O 13. c4 Re8 14. Bd2
Qa4 15. Qe4 g6 16. Bg5 Nf5 17. g4 d5 18. exd6 Nxd6 19. Qe5 Nxc4 20. Qf6 Nd6 21.
h3 e5 22. Bh6 1-0

[Event "OLOB 1920 SV Oberursel - FB Mörlenbach-"]
[Site "?"]
[Date "2021.07.17"]
[Round "10.1"]
[White "Kunin, Vitaly"]
[Black "Margolin, Boris"]
[Result "1-0"]
[WhiteElo "2567"]
[BlackElo "2400"]
[PlyCount "91"]
[EventDate "2021.??.??"]

1. d4 d5 2. c4 e6 3. Nc3 a6 4. cxd5 exd5 5. Nf3 Nf6 6. Bg5 Be6 7. Bxf6 Qxf6 8.
Qb3 b5 9. a4 b4 10. Nxd5 Qd8 11. e4 c6 12. Qe3 cxd5 13. exd5 Qxd5 14. Rc1 Be7
15. Bd3 Ra7 16. Be4 Qd6 17. d5 Rc7 18. Rxc7 Qxc7 19. dxe6 fxe6 20. O-O O-O 21.
Nd4 Bc5 22. Qd3 Bxd4 23. Qxd4 a5 24. Rd1 g6 25. h4 Na6 26. Bf3 Nc5 27. Qe3 Rf5
28. Bg4 Re5 29. Qg3 Kg7 30. Kh2 Ne4 31. Rd7+ Qxd7 32. Qxe5+ Nf6 33. Bxe6 Qd2
34. f3 h5 35. Bb3 Qd8 36. Bc2 Kh7 37. Qg3 Qe8 38. Qg5 b3 39. Bd3 Kg7 40. Qxa5
Qe3 41. Qc7+ Kh6 42. Qb8 Kg7 43. Qc7+ Kh6 44. Qf7 Qxd3 45. Qxf6 Kh7 46. a5 1-0